Statistiche per Paesi dell'Europa e Confini in 30 Secondi

Clicka qui per fare il quiz!

Statistiche generali

  • Questo quiz è stato fatto 23.315 volte
  • Il punteggio medio è 34 su 45

Risposte nella Mappa

Le risposte nella mappa del quiz sottostante sono codificate secondo una scala di colori dal rosso al verde in base alla % di persone che hanno risposto correttamente.
 

Statistiche sulle risposte

Paese% Corretto
Francia
98%
Italia
97%
Svizzera
96%
Austria
95%
Germania
93%
Spagna
92%
Andorra
90%
Polonia
88%
Slovenia
88%
Belgio
86%
San Marino
86%
Città del Vaticano
85%
Finlandia
85%
Lussemburgo
85%
Norvegia
85%
Paesi Bassi
85%
Russia
84%
Ucraina
84%
Bielorussia
83%
Portogallo
82%
Lituania
79%
Repubblica Ceca
78%
Lettonia
76%
Regno Unito
76%
Ungheria
76%
Svezia
75%
Estonia
74%
Serbia
74%
Bulgaria
73%
Macedonia del Nord
72%
Romania
72%
Danimarca
70%
Irlanda
70%
Montenegro
67%
Grecia
66%
Albania
65%
Croazia
65%
Bosnia ed Erzegovina
61%
Slovacchia
61%
Kosovo
58%
Moldavia
57%
Islanda
55%
Monaco
54%
Liechtenstein
39%
Malta
35%

Distribuzione punteggi

Percentile per numero di risposta

Percentuale di utenti per punteggio

I tuoi punteggi nel tempo

Non hai fatto questo quiz